00554nam a2200217Ia 4500008004000000020001800040041000800058082001500066100002200081245006200103260004900165300001400214650000900228650001000237650001900247650001700266650000700283650001100290650001300301700002200314210210b2013 xxu||||| |||| 00| 0 eng d a9781107017344 aeng a338.5 SERS aSERRANO (Roberto) aShort Course in intermediate microeconomics with calculus aCambridgebCambridge University Pressc2013 axiii, 381 awith aShort amicroeconomics aintermediate ain aCourse acalculus aFELDMAN (Allan M)